| 000 | 00780nam a22002297a 4500 | ||
|---|---|---|---|
| 999 |
_c10196 _d10196 |
||
| 003 | AR-CdUCM | ||
| 008 | 190329b ||||| |||| 00| 0 spa d | ||
| 040 |
_aMUNICIPALIDAD PROVINCIAL DEL CUSCO _cBIBLIOTECA MUNICIPAL DEL CUSCO |
||
| 082 |
_a868.67 / _bJ53M / 1956 |
||
| 100 |
_aJiménez, Juan Ramón _912934 |
||
| 245 | _aLos mejores versos / | ||
| 260 |
_aBuenos Aires : _bNuestra América, _c1956. |
||
| 300 |
_a40 páginas ; _c22 cm. |
||
| 440 |
_aCuadernillos de poesía _n : 20 _917877 |
||
| 500 | _aDonación de la familia Nieto. | ||
| 650 |
_aLiteratura española _9362 |
||
| 650 |
_aAutores españoles _911961 |
||
| 650 |
_aJuan Ramon Jimenez - Poemas _926905 |
||
| 700 |
_aLatino, Simón (Recopilación y notas) _926906 |
||
| 942 |
_2ddc _cLIBROS |
||
| 945 | _alccs | ||